| 000 | 00728nam a2200157Ia 4500 | ||
|---|---|---|---|
| 008 | 151213s9999 xx 000 0 und d | ||
| 082 |
_a658 _b658 |
||
| 100 | _aকাজী মো: নূরুল ইসলাম ফারুকী ( প্রফেসর) | ||
| 245 |
_aমেীলিক ব্যবস্থাপনা _cকাজী মো: নূরুল ইসলাম ফারুকী ( প্রফেসর) |
||
| 260 |
_aকাজী প্র্রকাশনী _bকাজী প্রকাশনী _c2003 |
||
| 300 | _a8304 p. | ||
| 650 | _aManagement | ||
| 650 | _aManagement | ||
| 700 | _aকাজী মো: নূরুল ইসলাম ফারুকী ( প্রফেসর) | ||
| 999 |
_c4149 _d4149 |
||